000 00690nam a22002657a 4500
001 BR9301081
003 BR-BrBNA
005 20230928093841.0
007 ta
008 230509b bl.||||| |||| 00| 0 por d
040 _aBR-BrBNA
_bpor
_cBiblioteca Nacional de Agricultura
041 _a(Por)
072 _aQ02
090 _ Q02 BR9301081
110 1 _aCompanhia Energetica de Sao Paulo, Sao Paulo (Brasil)
_92428
245 1 _aRefrigeracao
260 3 _aSao Paulo, SP (Brasil):
_c1984.
300 _a14 p.
650 _aRefrigeracao
650 _aPreservacao de Alimento
650 _aFrigorifico
650 _aPratico
909 _a202309
_bLucia
_c55
_dLucia Elande
942 _cBK
999 _c47494
_d47494